Comprehensive english grammar and composition (Record no. 9801)
[ view plain ]
| 000 -LEADER | |
|---|---|
| fixed length control field | 00457cam a2200181ua 4500 |
| 001 - CONTROL NUMBER | |
| control field | 10853 |
| 005 - DATE AND TIME OF LATEST TRANSACTION | |
| control field | 20260515114652.0 |
| 008 - FIXED-LENGTH DATA ELEMENTS--GENERAL INFORMATION | |
| fixed length control field | 190409n ii |||gr||||Z||||||eng |
| 020 ## - INTERNATIONAL STANDARD BOOK NUMBER | |
| International Standard Book Number | 9788183485913 |
| 040 ## - CATALOGING SOURCE | |
| Transcribing agency | MAIN |
| 082 ## - DEWEY DECIMAL CLASSIFICATION NUMBER | |
| Classification number | 425 |
| 100 ## - MAIN ENTRY--PERSONAL NAME | |
| Personal name | S C Gupta, |
| Relator term | Author. |
| 245 ## - TITLE STATEMENT | |
| Title | Comprehensive english grammar and composition |
| Statement of responsibility, etc. | By S C Gupta |
| 260 ## - PUBLICATION, DISTRIBUTION, ETC. | |
| Place of publication, distribution, etc. | New Delhi: |
| Name of publisher, distributor, etc. | Arihant publications. |
| 300 ## - PHYSICAL DESCRIPTION | |
| Extent | 618p. |
| 653 ## - INDEX TERM--UNCONTROLLED | |
| Uncontrolled term | English grammar |
| 942 ## - ADDED ENTRY ELEMENTS (KOHA) | |
| Koha item type | Books |
| Withdrawn status | Lost status | Damaged status | Not for loan | Home library | Current library | Shelving location | Date acquired | Total checkouts | Full call number | Barcode | Date last seen | Date last checked out | Copy number | Price effective from | Koha item type |
|---|---|---|---|---|---|---|---|---|---|---|---|---|---|---|---|
| Naharkatiya College Library | Naharkatiya College Library | General stacks | 09/19/2020 | 3 | 425Comprehensive english grammar and composition | GUP | 24478 | 04/26/2021 | 04/05/2021 | 1 | 09/19/2020 | Books |